000 01488nam a2200313 a 4500
001 000387914
003 AM-YeHGA
005 20250618072329.0
008 041126s2002 ai 000 | arm d
020 _a9993094919
040 _aAM-YeHGA
041 0 _aarm
041 0 _aeng
245 0 0 _aԱնիի հազարամյա փառքը :
_bԱնիի Մայր տաճարի օծման 1000-ամյակը : [Գիտաժողովի նյութեր] /
_cԿազմ.՝ Մ.արք. Աշճյան; Ձևավ.՝ Վ. Դալլաքյան.
246 1 5 _aThe glory of Ani :
_bThe millenium celebration of the cathedran of Ani
260 _aԵրևան :
_bՄուղնի,
_c2002.
300 _a72 էջ :
_bլուսանկ. ;
_c20 սմ.
500 _aՆվիրվում է Անիի մայր տաճարի օծման 1000-ամյակին
504 _aԳրակ. և հոդված. ցանկ. հայ. ռուս. և անգլ. լեզուներով, էջ՝ 48-50
546 _aՏեքստը հայ. և անգլ. լեզուներով
650 1 4 _aՀայոց պատմություն
_zԱնի
650 1 4 _aՃարտարապետություն
_xԵկեղեցիներ, տաճարներ
_95293
650 1 4 _aՀայաստանի քաղաքներ
_95294
653 0 _aԳիտաժողով-հանդիսություն
653 0 _aԳիրք-բուկլետ
700 1 _aԱշճյան, Մեսրոպ
_cարքեպիսկոպոս,
_d1941-2003
_eկազմ.
_4com
700 1 _aԴալլաքյան, Վարդան
_eձևավ.
_4ill
090 _c148846
999 _c147459
_d147459